1320 1578 1158 1040 1386 1952 1532 1068 1113 1311 1805 1035 1493 1910 1480 1214 1197 1193 1531 1107 1181 1522 1425 1202 1131 1887 1027 1134 1628 1348 1001 1910 1356 1556 1337 1804 1722 1232 1917 1686 1949 1986 1494 1498 1163 1230 1409 1364 1242 1652 1582 1098 1783 1450 1766 1748 1708 1691 1853 1324 1034 1180 1695 1208 1464 1517 1317 1350 1946 1799 1936 1425 1279 1845 1304 1147 1724 1783 1873 1355 1852 1383 1488 1268 1533 1144 1614 1110 1686 1025 1123 1329 1501 1265 1102 1711 1493 1124 1827 BCNSPRNW ULIB Ver.6.0+V

เปลี่ยนเป็นภาษาไทย

Change to English
 แสดงรายละเอียดบรรณานุกรม
  กลับหน้าหลัก

Brief Record : Get Marc (ISO 2709) : E-mail record : QR code < ปิดหน้าต่าง
LEADER : 00000nam 2200000uu 4500
001    13399111020
003     ULIB
008    110615s||||||||th 000 0 tha d
020    9789748072593 (ล.1)
050  4 AG5^bB862 ล.1 2551
245 00 Britannica concise encyclopedia ภาคภาษาไทย /^cEncyclopedia Britannica
246 33 สารานุกรม Britannica concise encyclopedia ภาคภาษาไทย
250    พิมพ์ครั้งที่ 1
260    กรุงเทพฯ :^bบริษัทมีเดีย เม็กแน็ท :^bบริษัทมีเดียเอกซเพอร์ทีส อินเตอร์เนชั่นแนล (ประเทศไทย),^c2551
300    3 เล่ม :^bภาพประกอบ (ภาพสีบางภาพ), แผนที่ ;^c30 ซม.
505 0  ^gล. 1^tA-F -- ^gล. 2^tG-O -- ^gล. 3^tP-Z (ดัชนี)
650  7 สารานุกรม
710 2  บริษัทมีเดีย เม็กแน็ท
710 2  บริษัทมีเดีย เอกซเพอร์ทีส อินเตอร์เนชั่นแนล (ประเทศไทย)
710 2  Encyclopaedia Britannica
945    ^p4085^l0^i026633
995    ทศพร
999 ^a ใช้งานได้ทุกระบบ
รายการนี้ยังไม่มีแท็ก
คุณยังไม่ได้ล็อกอิน คุณสามารถมีกิจกรรมร่วมกับเว็บไซต์ได้ แต่ต้องล็อกอินก่อน ::
  ล็อกอิน

รายการสื่อสารสนเทศ

ลำดับที่ ประเภท เลขเรียก/บาร์โค้ด สถานที่ สถานะ
- ไม่พบข้อมูล -

รายการใกล้เคียง
    หัวเรื่อง [สารานุกรม]

BibComment


ยังไม่เคยถูกคอมเมนท์

คอมเมนท์ทรัพยากรรายการนี้
  คอมเมนท์: Britannica concis..


 Copyright 2026. Bcnsprnw @Library